000 00299nam a2200121Ia 4500
008 190216s9999||||xx |||||||||||||| ||und||
100 _aLaurence Houseman
245 0 _aVictoria Queen Of England
260 _bOxford University Press
_c1963
300 _a121p
650 _aPlays Retold
942 _cBK
999 _c13267
_d13267